000 00489nam a2200181Ia 4500
005 20250326124925.0
008 250326s9999 xx 000 0 und d
037 _aTextbook
040 _aFMSL
_beng
_cFMSL
041 _aeng
_2eng
084 _aX:8F L0;2
_qFMSL
100 _aAnthony R N
245 0 _aManagement accounting principles
_cAnthony R N
260 _aUSA
_bUSA, Richard D Irwin
_c1970
300 _a484p
942 _cTB
_hX:8F L0;2
999 _c1275787
_d1275787